书目信息 |
| 题名: |
全国计算机等级考试上机题分类精解与应试策略
|
|
| 作者: | ;全国计算机等级考试命题研究组 编 | |
| 分册: | 三级C语言程序设计 | |
| 出版信息: | 天津 南开大学出版社 2006.03 |
|
| 页数: | 185页 | |
| 开本: | 26cm | |
| 丛书名: | 全国计算机等级考试系列用书 | |
| 单 册: | ||
| 中图分类: | TP3 , TP312C | |
| 科图分类: | ||
| 主题词: | C语言--C yu yan--程序设计--水平考试--自学参考资料 , 电子计算机--dian zi ji suan ji--水平考试--自学参考资料 | |
| 电子资源: | ||
| ISBN: | 7-310-02512-1 | |
| 000 | 01326nam 2200289 450 | |
| 001 | 012006560156 | |
| 005 | 20060421174013.68 | |
| 010 | @a7-310-02512-1@dCNY25.00 (含光盘) | |
| 100 | @a20060421d2006 km y0chiy0120 ea | |
| 101 | 0 | @achi |
| 102 | @aCN@b120000 | |
| 105 | @aa z 000yy | |
| 200 | 1 | @a全国计算机等级考试上机题分类精解与应试策略@Aquan guo ji suan ji deng ji kao shi shang ji ti fen lei jing jie yu ying shi ce lue@i三级C语言程序设计@f全国计算机等级考试命题研究组编@Fquan guo ji suan ji deng ji kao shi ming ti yan jiu zu bian |
| 210 | @a天津@c南开大学出版社@d2006.03 | |
| 215 | @a185页@c图@d26cm@e光盘1片 | |
| 225 | 2 | @a全国计算机等级考试系列用书@Aquan guo ji suan ji deng ji kao shi xi lie yong shu |
| 307 | @a光盘 ISBN : 7-900667-31-8 | |
| 330 | @a本书内容包括全国计算机等级考试上机环境与三级C语言程序设计知识,应试策略,大量习题,配套光盘等。 | |
| 410 | 0 | @12001 @a全国计算机等级考试系列用书 |
| 517 | 1 | @a三级C语言程序设计@Asan ji C yu yan cheng xu she ji |
| 606 | 0 | @aC语言@AC yu yan@x程序设计@x水平考试@j自学参考资料 |
| 606 | 0 | @a电子计算机@Adian zi ji suan ji@x水平考试@j自学参考资料 |
| 690 | @aTP3@v4 | |
| 690 | @aTP312C@v4 | |
| 711 | 02 | @a全国计算机等级考试命题研究组@Aquan guo ji suan ji deng ji kao shi ming ti yan jiu zu@4编 |
| 801 | 0 | @aCN@bQSSK@c20060421 |
| 905 | @a10447@dTP3@eQ896 | |
| 全国计算机等级考试上机题分类精解与应试策略.三级C语言程序设计/全国计算机等级考试命题研究组编.-天津:南开大学出版社,2006.03 |
| 185页:图;26cm+光盘1片.-(全国计算机等级考试系列用书) |
| ISBN 7-310-02512-1:CNY25.00 (含光盘) |
| 本书内容包括全国计算机等级考试上机环境与三级C语言程序设计知识,应试策略,大量习题,配套光盘等。 |
| ● |
| 相关链接 |
|
|
|
正题名:全国计算机等级考试上机题分类精解与应试策
索取号:TP3/Q896
 
预约/预借
| 序号 | 登录号 | 条形码 | 馆藏地/架位号 | 状态 | 备注 |
| 1 | 558979 | 205589790 | 期刊室512/301自科库 102排3列2层/ [索取号:TP3/Q896] | 在馆 | |
| 2 | 558980 | 205589807 | 期刊室512/301自科库 102排3列2层/ [索取号:TP3/Q896] | 在馆 | |
| 3 | 558981 | 205589816 | 期刊室512/301自科库 102排3列2层/ [索取号:TP3/Q896] | 在馆 |